<?xml version="1.0" encoding="UTF-8"?>
<record
    xmlns:xsi="http://www.w3.org/2001/XMLSchema-instance"
    xsi:schemaLocation="http://www.loc.gov/MARC21/slim http://www.loc.gov/standards/marcxml/schema/MARC21slim.xsd"
    xmlns="http://www.loc.gov/MARC21/slim">

  <leader>02359cam a22003138i 4500</leader>
  <controlfield tag="001">10423078</controlfield>
  <controlfield tag="003">OSt</controlfield>
  <controlfield tag="005">20210414114504.0</controlfield>
  <controlfield tag="008">150930b        xxu||||| |||| 00| 0 eng d</controlfield>
  <datafield tag="020" ind1=" " ind2=" ">
    <subfield code="a">9780071327640</subfield>
  </datafield>
  <datafield tag="040" ind1=" " ind2=" ">
    <subfield code="c">dl</subfield>
  </datafield>
  <datafield tag="050" ind1="0" ind2="0">
    <subfield code="a">QH308.2.R38 </subfield>
  </datafield>
  <datafield tag="100" ind1="1" ind2=" ">
    <subfield code="a">Mason, Kenneth A.</subfield>
  </datafield>
  <datafield tag="245" ind1="1" ind2="0">
    <subfield code="a">Biology. /</subfield>
    <subfield code="c">Kenneth A. Mason.</subfield>
  </datafield>
  <datafield tag="250" ind1=" " ind2=" ">
    <subfield code="a"> 9th ed.</subfield>
  </datafield>
  <datafield tag="260" ind1=" " ind2=" ">
    <subfield code="a">New York:</subfield>
    <subfield code="b">McGraw Hill,</subfield>
    <subfield code="c">2011.</subfield>
  </datafield>
  <datafield tag="300" ind1=" " ind2=" ">
    <subfield code="a">xxvi, 1279 pg :</subfield>
    <subfield code="b">  ill (col) ;</subfield>
    <subfield code="c">29 cm</subfield>
  </datafield>
  <datafield tag="500" ind1=" " ind2=" ">
    <subfield code="a">Includes index.</subfield>
  </datafield>
  <datafield tag="505" ind1="2" ind2=" ">
    <subfield code="a">Contents: The science of biology --The nature of molecules and the properties of water -- The chemical building blocks of life --  Cell structure -- Membranes -- Energy and metabolism -- How cells harvest energy -- Photosynthesis -- Cell communication -- How cells divide -- Sexual reproduction and meiosis -- Patterns of inheritance -- Chromosomes, mapping, and the meiosis-inheritance connection --  DNA : the genetic material -- Genes and how they work --  Control of gene expression  -- Biotechnology -- Genomics -- Cellular mechanisms  and development --  Genes within populations -- The evidence for evolution -- The origin of species -- Systematics and the  phylogenies revolution -- Genome evolution -- Evolution of development --  The tree of life -- Viruses -- Prokaryotes -- Protists -- Green plants --  Fungi -- Overview of Animal diversity --  Noncoelomate invertebrates -- Coelomate invertebrates  -- Vertebrates -- Plant form --  Vegetative plant development -- Transport in plants -- Plants nutrition and soil -- Plant deference responses  -- Sensory systems in plants -- Plant reproduction -- The animal body and principles of regulation -- The nervous system -- Sensory systems -- The endocrine system -- The musculoskeletal system -- The digestive system -- The respiratory system -- The circulatory system -- Osmotic regulation and the urinary system -- The immune system --The reproductive system ; Animal development --  Behavioral biology ; Ecology of individuals and populations -- Community ecology ; Dynamics of ecosystems -- The biosphere -- Conservation biology.</subfield>
  </datafield>
  <datafield tag="650" ind1=" " ind2="0">
    <subfield code="a">Biology.</subfield>
  </datafield>
  <datafield tag="650" ind1=" " ind2="7">
    <subfield code="a">Biologie.</subfield>
    <subfield code="2">gnd</subfield>
  </datafield>
  <datafield tag="700" ind1="1" ind2=" ">
    <subfield code="a">Losos,Jonathan B.</subfield>
  </datafield>
  <datafield tag="700" ind1="1" ind2=" ">
    <subfield code="a">Singer,Susan R.</subfield>
  </datafield>
  <datafield tag="700" ind1="1" ind2=" ">
    <subfield code="a">.</subfield>
  </datafield>
  <datafield tag="942" ind1=" " ind2=" ">
    <subfield code="2">lcc</subfield>
    <subfield code="c">BK</subfield>
  </datafield>
  <datafield tag="948" ind1="1" ind2=" ">
    <subfield code="a">20130814</subfield>
    <subfield code="b">c</subfield>
    <subfield code="c">rad1</subfield>
    <subfield code="d">MPS</subfield>
  </datafield>
  <datafield tag="948" ind1="2" ind2=" ">
    <subfield code="a">20130814</subfield>
    <subfield code="b">a</subfield>
    <subfield code="c">rad1</subfield>
    <subfield code="d">MPS</subfield>
  </datafield>
  <datafield tag="999" ind1=" " ind2=" ">
    <subfield code="c">5751</subfield>
    <subfield code="d">13251</subfield>
  </datafield>
  <datafield tag="952" ind1=" " ind2=" ">
    <subfield code="0">0</subfield>
    <subfield code="1">0</subfield>
    <subfield code="2">lcc</subfield>
    <subfield code="4">0</subfield>
    <subfield code="7">0</subfield>
    <subfield code="8">NFIC</subfield>
    <subfield code="a">WIUC-1</subfield>
    <subfield code="b">WIUC-1</subfield>
    <subfield code="c">NURS L.</subfield>
    <subfield code="d">2015-09-30</subfield>
    <subfield code="l">0</subfield>
    <subfield code="o">QH308.2.R38</subfield>
    <subfield code="p">NURS/181/15</subfield>
    <subfield code="r">2015-09-30 00:00:00</subfield>
    <subfield code="t">1</subfield>
    <subfield code="w">2015-09-30</subfield>
    <subfield code="y">BK</subfield>
  </datafield>
  <datafield tag="952" ind1=" " ind2=" ">
    <subfield code="0">0</subfield>
    <subfield code="1">0</subfield>
    <subfield code="2">lcc</subfield>
    <subfield code="4">0</subfield>
    <subfield code="7">0</subfield>
    <subfield code="8">NFIC</subfield>
    <subfield code="a">WIUC-1</subfield>
    <subfield code="b">WIUC-1</subfield>
    <subfield code="c">NURS L.</subfield>
    <subfield code="d">2015-09-30</subfield>
    <subfield code="l">0</subfield>
    <subfield code="o">QH308.2.R381</subfield>
    <subfield code="p">NURS/182/15</subfield>
    <subfield code="r">2015-09-30 00:00:00</subfield>
    <subfield code="t">2</subfield>
    <subfield code="w">2015-09-30</subfield>
    <subfield code="y">BK</subfield>
  </datafield>
  <datafield tag="952" ind1=" " ind2=" ">
    <subfield code="0">0</subfield>
    <subfield code="1">0</subfield>
    <subfield code="2">lcc</subfield>
    <subfield code="4">0</subfield>
    <subfield code="7">0</subfield>
    <subfield code="8">NFIC</subfield>
    <subfield code="a">WIUC-1</subfield>
    <subfield code="b">WIUC-1</subfield>
    <subfield code="c">NURS L.</subfield>
    <subfield code="d">2015-09-30</subfield>
    <subfield code="l">0</subfield>
    <subfield code="o">QH308.2.R382</subfield>
    <subfield code="p">NURS/183/15</subfield>
    <subfield code="r">2015-09-30 00:00:00</subfield>
    <subfield code="t">3</subfield>
    <subfield code="w">2015-09-30</subfield>
    <subfield code="y">BK</subfield>
  </datafield>
  <datafield tag="952" ind1=" " ind2=" ">
    <subfield code="0">0</subfield>
    <subfield code="1">0</subfield>
    <subfield code="2">lcc</subfield>
    <subfield code="4">0</subfield>
    <subfield code="7">0</subfield>
    <subfield code="8">NFIC</subfield>
    <subfield code="a">WIUC-1</subfield>
    <subfield code="b">WIUC-1</subfield>
    <subfield code="c">NURS L.</subfield>
    <subfield code="d">2015-09-30</subfield>
    <subfield code="l">0</subfield>
    <subfield code="o">QH308.2.R383</subfield>
    <subfield code="p">NURS/184/15</subfield>
    <subfield code="r">2015-09-30 00:00:00</subfield>
    <subfield code="t">4</subfield>
    <subfield code="w">2015-09-30</subfield>
    <subfield code="y">BK</subfield>
  </datafield>
</record>
